Statistics for Top 50 Largest Leicestershire Settlements by population (2011)

Click here to take the quiz!

General Stats

  • This quiz has been taken 97 times
  • The average score is 18 of 50

Answer Stats

RankAnswer% Correct
1Leicester
96%
2Loughborough
84%
8Oadby
80%
7Market Harborough
77%
4Coalville
76%
5Wigston
74%
17Lutterworth
69%
6Melton Mowbray
69%
3Hinckley
67%
14Ashby de la Zouch
53%
24Blaby
50%
28Quorn
50%
12Syston
49%
50Market Bosworth
43%
10Narborough
43%
20Groby
41%
15Birstall
39%
35Great Glen
37%
26Kibworth
37%
16Mountsorrel
37%
11Shepshed
37%
31Ratby
36%
23Countesthorpe
34%
32Desford
33%
9Earl Shilton
31%
18Broughton Astley
30%
29Markfield
30%
19Sileby
30%
38Cosby
29%
36Kegworth
29%
21Anstey
27%
30Fleckney
24%
13Whetstone
24%
25Barrow Upon Soar
23%
40Newbold Verdon
21%
39Asfordby
20%
46Sapcote
20%
27Measham
19%
22Castle Donnington
17%
47Queniborough
17%
33Stoney Stanton
17%
41East Goscote
16%
48Woodhouse
16%
37Bottesford
13%
44Bagworth
9%
49Ravenstone
9%
43Ellistown
6%
45Harby
6%
34Moira
6%
42Donisthorpe
3%

Score Distribution

Percentile by Number Answered

Percent of People with Each Score

Your Score History

You have not taken this quiz